Подробности
| 000 -МАРКЕР |
| контрольное поле |
01789nam0a2200313 4500 |
| 001 - ИДЕНТИФИКАТОР ЗАПИСИ |
| контрольное поле |
RU\NLR\bibl\1123099 |
| 005 - ИДЕНТИФИКАТОР ВЕРСИИ |
| контрольное поле |
20260407141801.0 |
| 021 ## - НОМЕР ГОСУДАРСТВЕННОЙ РЕГИСТРАЦИИ |
| Код страны |
Российская Федерация |
| Номер |
2007-48985 |
| Номер Листа государственной регистраци |
2597 |
| 035 ## - ДРУГИЕ СИСТЕМНЫЕ НОМЕРА |
| Идентификатор записи |
(NLR Aleph) 001110058 |
| 100 ## - ДАННЫЕ ОБЩЕЙ ОБРАБОТКИ |
| Данные общей обработки |
20070903d2006 |||y0rusy50 ca |
| 101 0# - ЯЗЫК РЕСУРСА |
| Язык текста, звукозаписи и т.д. |
русский |
| 102 ## - СТРАНА ПУБЛИКАЦИИ ИЛИ ПРОИЗВОДСТВА |
| Страна публикации |
Российская Федерация |
| 105 ## - ПОЛЕ КОДИРОВАННЫХ ДАННЫХ: ТЕКСТОВЫЕ МАТЕРИАЛЫ, МОНОГРАФИЧЕСКИЕ |
| Кодированные данные о монографическом текстовом документе |
c ||||||||| |
| 200 1# - ЗАГЛАВИЕ И СВЕДЕНИЯ ОБ ОТВЕТСТВЕННОСТИ |
| Основное заглавие |
Выпускники первого вуза Бурятии |
| Сведения, относящиеся к заглавию |
(К 75-летию БГСХА им. В.Р. Филиппова) |
| -- |
[сборник статей] |
| Первые сведения об ответственности |
М-во сел. хоз-ва Рос. Федерации, ФГОУ ВПО "Бурят. гос. с.-х. акад. им. В.Р. Филиппова", Каф. истории |
| Последующие сведения об ответственности |
[ред.: Л.А. Зайцева] |
| 210 ## - ПУБЛИКАЦИЯ, РАСПРОСТРАНЕНИЕ И ДР. |
| Место издания, распространения и т.д. |
Улан-Удэ |
| Имя издателя, распространителя и т. д. |
Изд-во ФГОУ ВПО "Бурятская ГСХА им. В.Р. Филиппова" |
| Дата издания, распространения и т.д. |
2006 |
| 215 ## - ФИЗИЧЕСКАЯ ХАРАКТЕРИСТИКА |
| Специфическое обозначение материала и объем |
239 с. |
| Другие сведения о физической характеристике |
портр. |
| Размеры |
21 |
| 320 ## - ПРИМЕЧАНИЯ О НАЛИЧИИ В ДОКУМЕНТЕ БИБЛИОГРАФИИ / УКАЗАТЕЛЯ |
| Текст примечания |
Библиогр. в примеч. в конце ст. |
| 601 02 - НАИМЕНОВАНИЕ ОРГАНИЗАЦИИ КАК ПРЕДМЕТ |
| Начальный элемент ввода |
Бурятская государственная сельскохозяйственная академия им. В.Р. Филиппова |
| Идентифицирующий признак |
Улан-Удэ, город |
| Тематический подзаголовок |
Выпускники |
| Системный номер авторитетной/нормативной записи |
2498276 |
| Идентификатор авторитетной/нормативной записи |
RU\NLR\auth\661481910 |
| 686 ## - ИНДЕКСЫ ДРУГИХ КЛАССИФИКАЦИЙ |
| Индекс |
Ч488.84(2)710 |
| 686 ## - ИНДЕКСЫ ДРУГИХ КЛАССИФИКАЦИЙ |
| Индекс |
Ч481.448 |
| 702 #1 - ИМЯ ЛИЦА - ВТОРИЧНАЯ ОТВЕТСТВЕННОСТЬ |
| Код отношения |
Редактор |
| Материалы, к которым относится поле |
rus |
| Графика поля |
Кириллица |
| Начальный элемент ввода |
Зайцева |
| Часть имени, кроме начального элемента ввода |
Л. А. |
| Дополнения к именам, кроме дат |
д-р ист. наук |
| Расширение инициалов личного имени |
Любовь Алексеевна |
| Идентификатор авторитетной/нормативной записи |
RU\NLR\auth\7740983 |
| Системный номер авторитетной/нормативной записи |
23934 |
| 712 02 - НАИМЕНОВАНИЕ ОРГАНИЗАЦИИ - ВТОРИЧНАЯ ОТВЕТСТВЕННОСТЬ |
| Код отношения |
Прочие |
| Начальный элемент ввода |
Бурятская государственная сельскохозяйственная академия им. В. Р. Филиппова |
| Идентифицирующий признак |
Улан-Удэ |
| Структурное подразделение |
Кафедра истории |
| Идентификатор авторитетной/нормативной записи |
RU\NLR\AUTH\8810084781 |
| Системный номер авторитетной/нормативной записи |
671597 |
| 801 #0 - ИСТОЧНИК ЗАПИСИ |
| Страна |
Российская Федерация |
| Организация |
NLR |
| Дата составления |
20070903 |
| Правила каталогизации |
RCR |
| 801 #1 - ИСТОЧНИК ЗАПИСИ |
| Страна |
Российская Федерация |
| Организация |
NLR |
| Дата составления |
20070903 |
| 830 ## - ОБЩЕЕ ПРИМЕЧАНИЕ, СОСТАВЛЕННОЕ КАТАЛОГИЗАТОРОМ |
| Текст примечания |
ред. по кн. |
| 942 ## - ДОПОЛНИТЕЛЬНЫЕ ЭЛЕМЕНТЫ ЗАПИСИ (АБИС) |
| Тип экземпляра АБИС |
Книга |
| 980 ## - КОЛЛЕКЦИЯ |
| Название коллекции |
Национальная библиография |